000 00462nam a2200169 i 4500
001 32943
003 ES-MaACL
005 20230906154652.0
007 t|
008 030131s1929 sp ||||1| spa d
100 1 _aBernard, Augustin.
_928229
245 1 2 _aL'Algerie /
_cAugustin Bernard.
260 _aParis :
_bPresses Universitaires de France,
_c1929.
300 _a522 p. ;
_c23 cm.
651 4 _aArgelia-
_xDescripción.
_97800
852 _aES-MaACL
_jB-5055
999 _c32943
_d32943